Bảo lãnh ngân hàng và tín dụng dự phòng = Bank guarantees and standby letter of credit
Guardado en:
| Autor principal: | |
|---|---|
| Formato: | Libro |
| Lenguaje: | Undetermined |
| Publicado: |
Hà Nội
Thống kê
1996
|
| Materias: | |
| Etiquetas: |
Agregar Etiqueta
Sin Etiquetas, Sea el primero en etiquetar este registro!
|
| Thư viện lưu trữ: | Trung tâm Học liệu Trường Đại học Cần Thơ |
|---|
| LEADER | 00569nam a2200193Ia 4500 | ||
|---|---|---|---|
| 001 | CTU_18287 | ||
| 008 | 210402s9999 xx 000 0 und d | ||
| 082 | |a 332.46 | ||
| 082 | |b Ng527 | ||
| 100 | |a Lê, Nguyên | ||
| 245 | 0 | |a Bảo lãnh ngân hàng và tín dụng dự phòng = | |
| 245 | 0 | |b Bank guarantees and standby letter of credit | |
| 245 | 0 | |c Lê Nguyên | |
| 260 | |a Hà Nội | ||
| 260 | |b Thống kê | ||
| 260 | |c 1996 | ||
| 650 | |a Banks and banking | ||
| 904 | |i Bằng | ||
| 980 | |a Trung tâm Học liệu Trường Đại học Cần Thơ | ||